000 01212nkm a2200361 a 4500
001 21430
003 VRT
005 20260302104830.0
007 ki cuu
008 200701s2016 xr a b r00 k slo
015 _aSNBZSA2017/01
020 _a9788072674879
_q(leporelo)
039 9 _a202312031510
_bAUTHORITY
_c202312031459
_dAUTHORITY
_c202007011555
_dVLOAD
_c201701250843
_dmsnk131
040 _aSNK
_bslo
_cSNK
_eAACR
041 0 _aslo
044 _axr
_cCZ
072 7 _a821-93
_xLiteratúra pre deti a mládež (beletria)
_2konspekt
080 _a(0.025.2)
_22011
080 _a82-93-053.2
_22011
100 1 _aŠtefánková, Mária,
_d1951-
245 1 0 _aHádanky z lesa
_hgrafika
_c[verše Mária Štefánková ; ilustrácie Vladimíra Vopičková]
260 _aŘíčany u Prahy
_bJunior
_c2016
490 1 _aVakát
655 7 _aleporelá
_2SNKPH
655 7 _apublikácie pre deti
_2SNKPH
655 7 _aPicture books for children
_2SNKPHeng
655 7 _aChildren's literature
_2SNKPHeng
700 1 _aVopičková, Vladimíra,
_d1965-
_4ill
830 0 _aVakát
910 _asnk
942 _2ddc
_cKLDE
_n0
949 _617A1250220
_asnkOSD 9933
_bsnk2017/1
_oPemic124-ah/3Int. č. fa – 100/2016
999 _c21430
_d21430